[Event "FRA-ch Youth U18 2018"]
[Site "Agen"]
[Date "2018.04.21"]
[Round "8"]
[White "Belluire, Beatrice"]
[Black "Bauer, Elise"]
[Result "1/2-1/2"]
[WhiteElo "1818"]
[BlackElo "1489"]
[Annotator "NA"]
[PlyCount "111"]
[EventDate "2018.??.??"]
[EventType "swiss"]
[EventCountry "FRA"]
[SourceTitle "playchess.com"]
[Source "ChessBase"]
[SourceQuality "1"]
[TimeControl "5400+30"]

1. e4 {[%emt 0:00:00]} e5 {[%emt 0:00:02]} 2. Nf3 {[%emt 0:00:00]} Nc6 {[%emt 0:00:22]} 3. Bc4 {[%emt 0:00:00]} Bc5 {[%emt 0:00:41]} 4. O-O {[%emt 0:00:12]} Nf6 {[%emt 0:01:50]} 5. d3 {[%emt 0:00:04]} d6 {[%emt 0:00:51]} 6. Nc3 {[%emt 0:00:13]} Bg4 {[%emt 0:02:36]} 7. h3 {[%emt 0:00:30]} Bh5 {[%emt 0:00:50]} 8. Be3 {[%emt 0:04:41]} Nd4 {[%emt 0:03:35]} 9. g4 {[%emt 0:00:37]} Bg6 {[%emt 0:03:05]} 10. Bxd4 {[%emt 0:02:43]} exd4 {[%emt 0:06:34]} 11. Ne2 {[%emt 0:00:40]} d5 {[%emt 0:02:00]} 12. exd5 {[%emt 0:02:54]} Nxd5 {[%emt 0:02:39]} 13. Bxd5 {[%emt 0:16:53]} Qxd5 {[%emt 0:01:27]} 14. Nf4 {[%emt 0:00:01]} Qd6 $16 {[%emt 0:04:26]} 15. Qe2+ {[%emt 0:12:19]} Kf8 {[%emt 0:05:50]} 16. Qe5 {[%emt 0:00:51]} Re8 {[%emt 0:13:29]} 17. Qxd6+ {[%emt 0:01:04]} Bxd6 {[%emt 0:01:07]} 18. Nxg6+ {[%emt 0:00:18]} hxg6 {[%emt 0:00:01]} 19. Kg2 {[%emt 0:00:41]} c5 {[%emt 0:01:26]} 20. Rfe1 {[%emt 0:04:12]} f6 {[%emt 0:06:28]} 21. Rxe8+ {[%emt 0:01:33]} Kxe8 {[%emt 0:00:03]} 22. Re1+ {[%emt 0:00:14]} Kd7 {[%emt 0:01:24]} 23. Re4 {[%emt 0:03:00]} g5 {[%emt 0:09:12]} 24. Ng1 {[%emt 0:08:47]} b6 {[%emt 0:03:01]} 25. Kf3 {[%emt 0:08:38]} Bh2 {[%emt 0:02:31]} 26. Re1 {[%emt 0:10:41]} Bxg1 {[%emt 0:01:15]} 27. Rxg1 {[%emt 0:00:01]} Rxh3+ {[%emt 0:00:19]} 28. Kg2 {[%emt 0:00:07]} Rh8 {[%emt 0:01:23]} 29. Kf3 {[%emt 0:00:21]} Kd6 {[%emt 0:01:22]} 30. Re1 {[%emt 0:02:54]} g6 {[%emt 0:01:02]} 31. Rg1 {[%emt 0:00:55]} a6 {[%emt 0:04:12]} 32. a4 {[%emt 0:00:16]} Kd5 {[%emt 0:02:10]} 33. b3 {[%emt 0:02:27]} b5 {[%emt 0:01:29]} 34. axb5 {[%emt 0:00:22]} axb5 {[%emt 0:00:31]} 35. Ra1 {[%emt 0:00:09]} Rh3+ {[%emt 0:03:29]} 36. Ke2 {[%emt 0:06:21]} Rh4 {[%emt 0:01:23]} 37. Ra6 {[%emt 0:00:33]} Rxg4 {[%emt 0:03:40]} 38. Rxf6 {[%emt 0:00:09]} Rg1 {[%emt 0:00:36]} 39. Rxg6 {[%emt 0:00:35]} g4 {[%emt 0:00:19]} 40. Rb6 {[%emt 0:02:17]} b4 {[%emt 0:00:27]} 41. Rg6 {[%emt 0:00:11]} Rc1 {[%emt 0:01:51]} 42. Rg5+ {[%emt 0:00:25]} Kc6 {[%emt 0:00:36]} 43. Kd2 {[%emt 0:00:29]} Rf1 {[%emt 0:02:39]} 44. Ke2 {[%emt 0:00:16]} Rg1 {[%emt 0:01:11]} 45. Rg6+ {[%emt 0:00:30]} Kd5 {[%emt 0:00:29]} 46. Rg5+ {[%emt 0:00:01]} Kc6 {[%emt 0:00:01]} 47. Rg8 {[%emt 0:00:50]} Kd7 {[%emt 0:02:00]} 48. Rg6 {[%emt 0:00:07]} Kc7 {[%emt 0:01:25]} 49. Kd2 {[%emt 0:00:23]} Rg2 {[%emt 0:00:51]} 50. Ke2 {[%emt 0:00:37]} Rg1 {[%emt 0:00:25]} 51. Kd2 {[%emt 0:03:05]} Rg2 {[%emt 0:01:56]} 52. Ke1 {[%emt 0:00:03]} Rg1+ {[%emt 0:00:26]} 53. Ke2 {[%emt 0:00:01]} Rc1 {[%emt 0:00:42]} 54. Kd2 Rf1 55. Rf6 Rg1 56. Ke2 1/2-1/2

[Event "FRA-ch Youth U18 2018"]
[Site "Agen"]
[Date "2018.04.21"]
[Round "8"]
[White "Goeau, Aurelice"]
[Black "Milroy, Melena"]
[Result "0-1"]
[WhiteElo "1573"]
[BlackElo "1718"]
[Annotator "NA"]
[PlyCount "90"]
[EventDate "2018.??.??"]
[EventType "swiss"]
[EventCountry "FRA"]
[SourceTitle "playchess.com"]
[Source "ChessBase"]
[SourceQuality "1"]
[TimeControl "5400+30"]

1. e4 {[%emt 0:00:00]} d5 {[%emt 0:00:03]} 2. exd5 {[%emt 0:00:00]} Qxd5 {[%emt 0:00:03]} 3. Nc3 {[%emt 0:00:00]} Qa5 {[%emt 0:00:06]} 4. g3 {[%emt 0:00:13]} Nc6 {[%emt 0:04:33]} 5. Bg2 {[%emt 0:00:40]} Bd7 {[%emt 0:03:20]} 6. Nf3 {[%emt 0:00:27]} O-O-O {[%emt 0:00:11]} 7. O-O {[%emt 0:00:16]} Qh5 {[%emt 0:00:29]} 8. d3 {[%emt 0:09:48]} e5 {[%emt 0:13:42]} 9. Re1 {[%emt 0:08:52]} Bd6 {[%emt 0:00:54]} 10. Ne4 {[%emt 0:08:17]} Bg4 {[%emt 0:04:30]} 11. c3 {[%emt 0:13:02]} f5 {[%emt 0:01:38]} 12. h3 {[%emt 0:18:12]} Bxf3 {[%emt 0:05:30]} 13. Bxf3 {[%emt 0:00:10]} Qe8 {[%emt 0:00:43]} 14. Nxd6+ {[%emt 0:01:08]} Rxd6 {[%emt 0:00:19]} 15. Qc2 {[%emt 0:05:52]} Re6 {[%emt 0:08:05]} 16. Bd2 {[%emt 0:03:18]} Nf6 {[%emt 0:01:29]} 17. Bg2 {[%emt 0:00:45]} h6 {[%emt 0:03:17]} 18. b4 {[%emt 0:06:40]} g5 {[%emt 0:08:10]} 19. d4 {[%emt 0:05:58]} e4 {[%emt 0:02:08]} 20. b5 {[%emt 0:01:51]} Nd8 {[%emt 0:06:54]} 21. c4 {[%emt 0:02:24]} Nh7 {[%emt 0:05:37]} 22. Qc1 {[%emt 0:08:19]} Rg8 {[%emt 0:03:44]} 23. a4 {[%emt 0:03:12]} h5 {[%emt 0:01:01]} 24. a5 {[%emt 0:01:14]} h4 {[%emt 0:01:44]} 25. g4 {[%emt 0:00:46]} fxg4 {[%emt 0:01:47]} 26. hxg4 {[%emt 0:00:09]} Nf7 {[%emt 0:06:33]} 27. a6 {[%emt 0:00:40]} b6 {[%emt 0:00:40]} 28. Rb1 {[%emt 0:00:32]} Kb8 {[%emt 0:00:36]} 29. d5 {[%emt 0:00:44]} Re7 {[%emt 0:02:14]} 30. Bb4 Re5 {[%emt 0:04:40]} 31. Bc3 {[%emt 0:01:08]} Re7 {[%emt 0:01:49]} 32. Bb4 {[%emt 0:00:19]} Re5 {[%emt 0:03:51]} 33. Bc3 {[%emt 0:00:07]} Qd7 {[%emt 0:00:07]} 34. Bxe5 {[%emt 0:00:43]} Nxe5 {[%emt 0:00:12]} 35. Rxe4 {[%emt 0:00:06]} Nxg4 {[%emt 0:00:13]} 36. Bh3 {[%emt 0:01:02]} Nhf6 {[%emt 0:00:21]} 37. Re1 {[%emt 0:00:47]} Qd6 {[%emt 0:00:19]} 38. Kf1 {[%emt 0:00:37]} Qh2 {[%emt 0:00:52]} 39. Bxg4 {[%emt 0:00:11]} Nxg4 {[%emt 0:00:14]} 40. Rb2 {[%emt 0:00:28]} Rf8 {[%emt 0:01:56]} 41. Qd2 {[%emt 0:00:46]} Qh1+ {[%emt 0:00:28]} 42. Ke2 {[%emt 0:00:27]} Qf3+ {[%emt 0:00:06]} 43. Kf1 {[%emt 0:00:25]} h3 {[%emt 0:01:34]} 44. Qd1 {[%emt 0:00:52]} Nh2+ {[%emt 0:00:13]} 45. Kg1 {[%emt 0:00:07]} Qg2# 0-1

[Event "FRA-ch Youth U18 2018"]
[Site "Agen"]
[Date "2018.04.22"]
[Round "9"]
[White "O`Sullivan, Thomas"]
[Black "Mazzella, Enzo"]
[Result "0-1"]
[WhiteElo "2291"]
[BlackElo "2226"]
[Annotator "TA"]
[PlyCount "118"]
[EventDate "2018.??.??"]
[EventType "swiss"]
[EventCountry "FRA"]
[SourceTitle "playchess.com"]
[Source "ChessBase"]
[SourceQuality "1"]

{[%evp 21,118,38,15,12,13,32,122,-47,87,87,87,88,88,43,53,58,41,4,8,-11,13,6,14,3,18,0,0,0,4,-330,-334,-337,-322,-399,-393,-400,-389,-382,-382,-402,-378,-450,-452,-420,-420,-424,-370,-902,-873,-813,-797,-804,-766,-684,-577,-1658,-1571,-1202,-901,-5415,-5415,-5182,-5177,-2958,-1883,-1683,-1473,-29980,-29981,-29981,-29982,-29983,-29984,-29984,-29985,-29985,-29985,-29987,-29988,-29988,-29989,-29989,-29989,-29989,-29990,-29990,-29990,-29993,-29988,-29989,-29990,-29993,-29994,-29994,-29994,-29995,-29995,-29998,-29996]} 1. d4 Nf6 2. c4 g6 3. f3 d5 4. cxd5 Nxd5 5. e4 Nb6 6. Nc3 Bg7 7. Be3 O-O 8. Qd2 e5 9. d5 c6 {D70: Grünfeld: Unusual White 3rd moves (met by ...d5)} 10. h4 (10. Rd1 cxd5 11. exd5 N8d7 12. Nh3 e4 13. fxe4 Ne5 14. Nf2 f5 15. Bc5 Rf7 16. Be2 f4 17. Bf3 {½-½ (25) Aronian,L (2805)-Vachier Lagrave,M (2789) London 2017}) 10... cxd5 11. exd5 Na6 {LiveBook: 3 Games. White is slightly better.} 12. h5 {Threatening hxg6.} Nb4 {[%cal Rb4d5]} 13. hxg6 fxg6 (13... Bf5 $1 $14) 14. g4 $2 ({Better is} 14. Bc5 $1 $16 {[%cal Rc5b4]} Rf4 15. Ne4 N4xd5 16. Bxb6 (16. g3 Rf8 $16) 16... axb6 17. g3) 14... N4xd5 ({Much worse is} 14... N6xd5 $6 15. Bc4 $11) (14... e4 $1 $15 {stays ahead.} 15. Qh2 (15. Nxe4 N4xd5 16. Rd1 Qc7 $11) 15... h5 16. gxh5 exf3 17. hxg6 Re8) 15. Rd1 $1 $16 {Threatens to win with Qh2.} Be6 {[#] White must now prevent ...Nxc3.} 16. Qh2 $1 {[%cal Rh2h7]} (16. Bxb6 Nxb6 17. Qh2 Qg5 $17) 16... h5 $146 ({Predecessor:} 16... Rf4 17. Qxh7+ {1-0 (40) Nishant,M (2076)-Dounis,A (2298) Athens 2012}) 17. gxh5 Qe7 18. hxg6 {[%csl Gg6,Gh1][%cal Rh2h7]} Rfd8 19. Nxd5 Nxd5 20. Qh7+ Kf8 21. Bh6 Bg8 22. Bxg7+ Qxg7 23. Qh4 Qxg6 24. Bc4 Qf6 {aiming for ...Qxh4+.} 25. Ne2 $2 {[%mdl 8192]} (25. Qe4 $11 {and White is okay.} Nf4 26. Rxd8+ Rxd8 27. Bxg8) 25... Qxh4+ $19 26. Rxh4 Ne3 27. Rxd8+ Rxd8 28. Bxg8 Ng2+ ({Weaker is} 28... Kxg8 29. Re4 $11) 29. Kf2 Nxh4 {[%mdl 4096] Endgame KRN-KBN} 30. Bc4 Nf5 31. Be6 Nd4 32. Bc4 Nxe2 33. Kxe2 {KR-KB} Rd4 34. b3 $2 (34. Bd3) 34... Ke7 35. Bd3 Kd6 36. Ke3 Kc5 37. a3 a5 38. Be2 Rh4 39. Bd3 Rh1 40. a4 Rh4 41. Be4 b6 42. Bf5 Kb4 43. Be6 Kc3 44. Bc4 Rxc4 {Black mates.} 45. bxc4 Kxc4 {K3P-KPP} 46. Ke4 {[#]} b5 $1 {[%cal Rb5a4]} 47. axb5 Kxb5 48. Kxe5 {KP-KP} a4 49. f4 a3 50. f5 a2 51. f6 a1=Q+ 52. Ke6 Qa8 53. Ke7 Qb7+ 54. Kf8 Qc8+ 55. Kg7 Qg4+ 56. Kf8 Kc6 57. Ke7 Qd7+ 58. Kf8 Kd6 59. f7 Ke6 {Precision: White = 29%, Black = 75%.} 0-1

[Event "FRA-ch Youth U18 2018"]
[Site "Agen"]
[Date "2018.04.22"]
[Round "9"]
[White "Coiffait, Pierre-Basile"]
[Black "Mohammad, Fahim"]
[Result "0-1"]
[WhiteElo "2243"]
[BlackElo "2355"]
[Annotator "TA"]
[PlyCount "108"]
[EventDate "2018.??.??"]
[EventType "swiss"]
[EventCountry "FRA"]
[SourceTitle "playchess.com"]
[Source "ChessBase"]
[SourceQuality "1"]

{[%evp 21,108,63,58,22,24,0,54,39,69,17,50,44,81,73,75,64,75,-66,-78,-197,-198,-197,-203,-235,-184,-249,-161,-195,-103,-120,-31,-73,-81,-52,-50,-39,-8,-36,-35,-71,2,2,34,0,0,-28,-20,-60,-10,-31,0,-96,-76,-104,-46,-84,0,-184,-108,-112,-111,-201,-47,-170,-175,-906,-11,-33,-14,-12,0,-13,-10,-32,0,0,0,-23,0,-5189,-2543,-29994,-29995,-29995,-29996,-29996,-29997,-29997,-621]} 1. e4 c5 2. Nf3 e6 3. d4 cxd4 4. Nxd4 Nc6 5. Nc3 Qc7 6. Be3 Nf6 7. f4 d6 8. Qd2 a6 9. O-O-O Be7 10. Be2 Nxd4 {B83: Sicilian Scheveningen: 6 Be2, lines without ...a6} (10... O-O 11. g4 Nxd4 12. Qxd4 b5 13. g5 Nd7 14. h4 Bb7 15. a3 Rac8 16. h5 e5 17. Qd2 exf4 18. Bxf4 Ne5 19. Kb1 Nc4 20. Bxc4 Qxc4 {0-1 (57) Ponomariov,R (2712)-Harikrishna,P (2753) Huaian 2016}) 11. Qxd4 e5 {LiveBook: 4 Games} 12. Qd3 b5 {The position is equal.} 13. Rhf1 $146 ({Predecessor:} 13. a3 Be6 14. g4 exf4 15. Bxf4 Qc5 16. h3 O-O 17. Bxd6 Bxd6 18. Qxd6 Nxe4 19. Qxc5 Nxc5 {1-0 (56) Vovk,A (2633)-Zapata,A (2418) chess.com INT 2017}) 13... Bb7 (13... O-O $11) 14. Kb1 Rc8 15. Nd5 ({White should try} 15. g4 $14) 15... Bxd5 16. exd5 {[%cal Be4d5,Bd5d6][%mdl 32] Threatens to win with fxe5.} O-O 17. fxe5 dxe5 18. d6 $1 {[%cal Rd6c7]} e4 $1 {[%cal Re4d3]} ({But not} 18... Bxd6 $2 19. Rxf6 gxf6 20. Bh6 $18) 19. Qd2 (19. dxc7 $16 exd3 20. Rxd3 (20. Bxd3 Rxc7 21. c3 Bc5 $14) 20... Rxc7 21. Bf3) 19... Bxd6 $1 $15 20. Qxd6 (20. c4 $17 Bxh2 21. cxb5 axb5 22. Bxb5) 20... Qxc2+ $19 21. Ka1 {Hoping for Rfe1.} Qxe2 22. Bg5 Ne8 23. Qd7 (23. Qd4 $142) 23... Rc7 24. Qd5 h6 (24... Qc2 $19 25. Qf5 h6) 25. Bd8 $17 Qxg2 (25... Rc2 $17 26. Rde1 Qxg2) 26. Rg1 Qxh2 27. Bxc7 Nxc7 28. Qxe4 Ne6 29. Qc6 a5 30. Rge1 Qh4 ({Better is} 30... Qb8 $17) 31. Qxb5 $11 a4 (31... Qb4 $5 {[%cal Rb4b5]} 32. Re5 Rb8 $11) 32. Re3 {[%mdl 1024] White has compensation.} Rc8 33. Red3 Qg4 34. R3d2 Qf4 {aiming for ...Qxd2!} 35. Qe2 a3 $40 {[%mdl 128] White needs to defend precisely.} 36. Qa6 (36. bxa3 $11 {keeps the balance.} Qf6+ 37. Rb2) 36... axb2+ $17 37. Rxb2 {[#]} Rf8 (37... Rc4 $1 $17 38. Qb6 h5 39. Qb8+ Kh7) 38. Qb5 Rc8 (38... g5 $17) 39. a4 $2 {[#]} (39. Qa6 $1 $11 {and White is okay.} Rc1+ 40. Rxc1 Qxc1+ 41. Rb1 Qc3+ 42. Rb2) 39... Qf3 (39... Qg4 $1 $19 {[%cal Rg4d1]} 40. Rdd2 Rc4) 40. Rd3 Qe4 {White must now prevent ...Nd4.} 41. Rd1 (41. Rb4 $17 Qe1+ 42. Rb1) 41... Ra8 $2 ({Black should play} 41... Rc4 $19 42. Ra2 Rb4) 42. a5 (42. Rb4 $1 $15 Qc2 43. Rdb1) 42... Qf3 $19 43. Rdb1 $2 (43. Rd7) 43... Qa3+ $2 (43... Qc3 $19 {( -> ...Nd4)} 44. Rh1 Rxa5+ 45. Qxa5 Qxa5+ 46. Kb1 Qf5+ 47. Ka1 h5 48. Rb8+ Kh7) 44. Ra2 $15 Qc3+ 45. Qb2 Qc6 46. Rc1 Qd6 47. Qc3 h5 48. a6 Ra7 49. Rb1 Nc5 50. Rb7 $2 {[%mdl 8192]} (50. Rb5 $11 Qd1+ 51. Rb1) 50... Nxb7 $19 51. axb7 Qd1+ {Black mates.} 52. Kb2 Rxb7+ 53. Ka3 Qd6+ 54. Ka4 Qa6+ {Precision: White = 10%, Black = 39%.} 0-1

[Event "FRA-ch Youth U18 2018"]
[Site "Agen"]
[Date "2018.04.22"]
[Round "9"]
[White "Bressy, Theo"]
[Black "Burri, Quentin"]
[Result "0-1"]
[WhiteElo "2116"]
[BlackElo "2405"]
[Annotator "TA"]
[PlyCount "74"]
[EventDate "2018.??.??"]
[EventType "swiss"]
[EventCountry "FRA"]
[SourceTitle "playchess.com"]
[Source "ChessBase"]
[SourceQuality "1"]

{[%evp 18,74,11,10,34,25,33,18,17,-32,0,0,-10,-39,-36,-29,-16,-33,-25,-47,-20,-28,-27,-47,0,0,0,-39,-13,-70,-81,-136,-107,-178,-12,-7,-19,-428,-420,-506,-518,-500,-483,-474,-473,-5243,-5235,-29990,-29991,-29991,-29992,-29992,-29988,-29988,-29987,-29987,-29988,-29988,-29989]} 1. e4 c5 2. Nf3 d6 3. Bb5+ Nd7 4. d4 cxd4 5. Qxd4 a6 6. Bxd7+ Bxd7 7. Bg5 {B51: Sicilian: Moscow Variation (3 Bb5+) without 3...Bd7} (7. Nc3 e5 8. Qd3 Rc8 9. O-O Qc7 10. a4 Be7 11. Rd1 h6 12. Nd2 Nf6 13. Nf1 O-O 14. Ne3 Be6 15. a5 Rfd8 {½-½ (58) Demchenko,A (2660)-Vachier Lagrave,M (2789) Riadh 2017}) 7... Rc8 8. Nc3 h6 9. Bh4 e5 10. Qd3 {LiveBook: 55 Games} Qb6 $146 ({Predecessor:} 10... g5 11. Bg3 Nf6 12. O-O-O Qa5 13. Rhe1 Be7 14. Kb1 O-O 15. h4 {½-½ (53) David,A (2571)-Duda,J (2666) Drancy 2016}) 11. O-O-O {next Nxe5! is good for White.} Be6 12. Nd5 Qc6 13. Nd2 Ne7 (13... Be7 $5 14. Bxe7 Nxe7 $15) 14. Bxe7 Bxe7 15. Nb3 Bxd5 16. exd5 Qa4 17. Kb1 O-O 18. Qf5 Rc4 {Threatening ...Rf4.} 19. g3 g6 $36 {[%mdl 2048] Black is more active.} 20. Qf3 a5 21. c3 b5 22. Nd2 {[#] Hoping for b3.} Rc7 23. Qe3 (23. h4 $11) 23... Bg5 $15 24. f4 (24. Qe2 $142) 24... exf4 $17 25. Qb6 (25. Qf3 $17 {was necessary.}) 25... Rcc8 $2 ({Better is} 25... Rfc8 $19 {aiming for ...fxg3.} 26. h4 Be7 27. gxf4 Qxf4 28. Qxb5 Bxh4) 26. b3 $1 $11 {[%cal Rb3a4]} Qa3 {And now ...a4 would win.} 27. Ne4 $2 {[%mdl 8192]} (27. Qxb5 $11 {and White is okay.} Rxc3 28. Nc4) 27... b4 $19 28. Qxd6 Rfd8 29. Qe5 Re8 30. Qd4 a4 {[%cal Ba5a4,Ba4b3][%mdl 32]} 31. cxb4 (31. Qxb4 $142 Qxb4 32. cxb4 Rxe4 33. d6) 31... axb3 {[%csl Gb3][%cal Ra3a2]} 32. Rd2 {[#]} Rxe4 $1 {[%mdl 512] Black mates.} 33. Qxe4 Bf6 34. Qe2 bxa2+ 35. Rxa2 Qb3+ 36. Rb2 Bxb2 37. Qxb2 Qd3+ {Precision: White = 27%, Black = 57%.} 0-1

[Event "FRA-ch Youth U18 2018"]
[Site "Agen"]
[Date "2018.04.22"]
[Round "9"]
[White "Lafortune, Emerick"]
[Black "Djidjeli, Sofiane"]
[Result "1-0"]
[WhiteElo "2112"]
[BlackElo "2124"]
[Annotator "TA"]
[PlyCount "47"]
[EventDate "2018.??.??"]
[EventType "swiss"]
[EventCountry "FRA"]
[SourceTitle "playchess.com"]
[Source "ChessBase"]
[SourceQuality "1"]

{[%evp 9,47,33,38,-2,-6,-4,73,64,179,161,235,251,646,635,806,800,939,949,951,911,912,934,929,916,898,893,1088,1136,29988,1912,996,751,717,695,835,835,2244,2063,1332,1105]} 1. d4 d5 2. c4 c6 {[%cal Bc7c6,Bc6d5,Bd5e4][%mdl 32]} 3. cxd5 cxd5 4. Bf4 Qb6 (4... Nc6 5. e3 Nf6 6. Nc3 a6 7. Be2 e6 8. Rc1 Be7 9. h3 O-O 10. Nf3 b5 11. O-O Bb7 12. Bd3 Rc8 13. Qe2 Qa5 14. a3 b4 15. axb4 Nxb4 {1-0 (75) Li,C (2732)-Duda,J (2724) Liaocheng 2018}) 5. Nc3 e6 {LiveBook: 8 Games} 6. e4 {D10: Slav Defence: 3 cxd5 (without early Nf3) and 3 Nc3} dxe4 $146 ({Predecessor:} 6... Nf6 7. exd5 Nxd5 8. Bb5+ Nc6 9. Nxd5 exd5 10. Qe2+ Be6 11. a3 Qxd4 12. Be3 {0-1 (66) Havanecz,B (2248)-Nguyen,V (2271) Budapest 2017}) 7. Bxb8 Qxb2 (7... Rxb8 $11 {keeps the balance.} 8. Bb5+ Kd8) 8. Bb5+ $16 {White is better.} Kd8 {[#]} ({Black should play} 8... Bd7 $14 9. Bxd7+ Kxd7) 9. Nge2 $1 $18 Bb4 (9... Rxb8 {is a better defense.} 10. a3 a6) 10. O-O Bxc3 $2 (10... Rxb8 11. Nxe4 (11. Rb1 Qa3 $16) 11... Nf6) 11. Rb1 Qd2 12. Qa4 a6 13. Nxc3 Rxb8 14. Qb4 {[#] White wants to mate with Qd6+.} axb5 15. Qd6+ Bd7 16. Qxb8+ Ke7 17. Nxb5 Bxb5 18. Rxb5 {White threatens Qe5 and mate.} Qxd4 19. Qc7+ (19. Rxb7+ $142 Kf6 20. Qf4+ Kg6 21. Qxf7+ Kh6 22. g4 Qe5 23. h4 Ne7 24. g5+ Qxg5+ 25. hxg5+ Kxg5 26. Qxe7+ Kh5 27. Rb5+ Kg4 28. Qxg7+ Kf3 29. Qg3+ Ke2 30. Qe3#) 19... Qd7 {White is clearly winning.} 20. Qxd7+ Kxd7 21. Rxb7+ Kc8 22. Rfb1 Kd8 23. a4 Ne7 24. Rd1+ {Precision: White = 59%, Black = 13%.} 1-0

[Event "FRA-ch Youth U18 2018"]
[Site "Agen"]
[Date "2018.04.22"]
[Round "9"]
[White "Salvador, Lucie"]
[Black "Rollot, Florence"]
[Result "0-1"]
[WhiteElo "1955"]
[BlackElo "2042"]
[Annotator "NA RC"]
[PlyCount "140"]
[EventDate "2018.??.??"]
[EventType "swiss"]
[EventCountry "FRA"]
[SourceTitle "playchess.com"]
[Source "ChessBase"]
[SourceQuality "1"]
[TimeControl "5400+30"]

1. Nf3 {[%emt 0:00:00]} c5 {[%emt 0:00:36]} 2. c4 {[%emt 0:00:00]} Nc6 {[%emt 0:01:33]} 3. g3 {[%emt 0:00:37]} g6 {[%emt 0:00:12]} 4. Bg2 {[%emt 0:00:36]} Bg7 {[%emt 0:00:11]} 5. O-O {[%emt 0:01:18]} e6 {[%emt 0:01:46]} 6. Nc3 {[%emt 0:07:48]} Nge7 {[%emt 0:00:56]} 7. d3 {[%emt 0:17:23]} h6 {[%emt 0:03:31] A37: Symmetrical English vs ...g6: 4 Bg2 Bg7 5 Nf3} (7... O-O 8. Bg5 h6 9. Bd2 b6 10. a3 Bb7 11. Rb1 a5 12. Nb5 d5 13. Qc1 Kh7 14. Rd1 Qd7 15. e3 Rac8 16. Qc2 e5 17. cxd5 Nxd5 {½-½ (85) Almasi,Z (2682)-Ponkratov,P (2613) Riadh 2017}) 8. Bf4 {[%emt 0:06:10]} d6 {[%emt 0:08:19]} 9. Qc1 {[%emt 0:06:04]} Nf5 {[%emt 0:11:36]} 10. a3 $146 {[%emt 0:07:04]} ({Find the theoretical novelty and annotate with similar games:} 10. h4 a6 11. Rb1 Rb8 12. a3 a5 13. Re1 e5 14. Bd2 Be6 {0-1 (44) Noroozi,O (2391)-Bagheri,M (2266) Nakhchivan 2016}) 10... Na5 {[%emt 0:10:38]} 11. Rb1 {[%emt 0:11:02]} Nb3 {[%emt 0:16:21]} 12. Qd1 {[%emt 0:00:47]} Nbd4 {[%emt 0:01:26]} 13. Bd2 {[%emt 0:07:25]} O-O {[%emt 0:03:55]} 14. b4 {[%emt 0:02:41]} cxb4 {[%emt 0:07:20]} 15. axb4 {[%emt 0:00:08]} Rb8 {[%emt 0:00:41]} 16. e3 {[%emt 0:06:53]} Nxf3+ {[%emt 0:00:46]} 17. Bxf3 {[%emt 0:00:24]} Ne7 {[%emt 0:04:45]} 18. Qb3 {[%emt 0:06:49]} b6 {[%emt 0:01:34]} 19. d4 {[%emt 0:01:50]} a6 {[%emt 0:02:22]} 20. Rfd1 {[%emt 0:01:48]} Qc7 {[%emt 0:01:45]} 21. Rbc1 {[%emt 0:03:39]} f5 {[%emt 0:01:53]} 22. Ne2 {[%emt 0:01:33]} Kh7 {[%emt 0:03:57]} 23. Qa3 {[%emt 0:04:41]} e5 {[%emt 0:02:43]} 24. Bg2 {[%emt 0:01:48]} e4 {[%emt 0:01:03]} 25. f3 {[%emt 0:01:21]} Bb7 {[%emt 0:00:50] [#]} 26. fxe4 {[%emt 0:01:43]} (26. d5 $1 $16) 26... Rbe8 {[%emt 0:05:09]} 27. exf5 {[%emt 0:01:07]} Nxf5 {[%emt 0:01:13]} 28. Bxb7 {[%emt 0:00:45]} Qxb7 {[%emt 0:00:06]} 29. d5 {[%emt 0:00:18]} Qe7 {[%emt 0:00:49]} 30. Nf4 {[%emt 0:00:43]} Nxe3 {[%emt 0:01:25]} 31. Bxe3 {[%emt 0:00:28]} Qxe3+ {[%emt 0:00:12]} 32. Qxe3 {[%emt 0:00:03]} Rxe3 {[%emt 0:00:01]} 33. Ne6 {[%emt 0:00:09]} Rf5 {[%emt 0:04:36]} 34. Rd2 {[%emt 0:01:16]} Bc3 {[%emt 0:00:27]} 35. Ra2 {[%emt 0:00:24]} a5 {[%emt 0:01:29]} 36. bxa5 {[%emt 0:00:39]} Bxa5 {[%emt 0:00:03]} 37. Nd4 {[%emt 0:00:32]} Rf7 {[%emt 0:00:38]} 38. Nc6 {[%emt 0:00:20]} Bc3 {[%emt 0:01:06]} 39. Rb1 {[%emt 0:00:39]} Re4 {[%emt 0:00:36]} 40. Ra4 {[%emt 0:00:22]} Rb7 {[%emt 0:00:46]} 41. Rc1 {[%emt 0:00:25]} Bd2 {[%emt 0:00:35]} 42. Rf1 {[%emt 0:00:36]} Be3+ {[%emt 0:00:16]} 43. Kg2 {[%emt 0:00:16]} Bc5 {[%emt 0:00:19]} 44. Nd8 {[%emt 0:00:48]} Rd7 {[%emt 0:00:44]} 45. Ne6 {[%emt 0:00:08]} Re7 {[%emt 0:00:55]} 46. Ra8 {[%emt 0:00:57]} g5 {[%emt 0:00:44]} 47. Nxc5 {[%emt 0:00:30]} bxc5 {[%emt 0:00:15]} 48. Ra6 {[%emt 0:00:23]} Rxc4 {[%emt 0:00:27]} 49. Rxd6 {[%emt 0:00:04]} Rc2+ {[%emt 0:00:09]} 50. Rf2 {[%emt 0:00:20]} Rc1 {[%emt 0:01:04]} 51. Rdf6 {[%emt 0:00:27]} Rd1 {[%emt 0:00:33]} 52. R2f5 {[%emt 0:01:10]} Rd7 {[%emt 0:00:37]} 53. Rf7+ {[%emt 0:00:23]} Rxf7 {[%emt 0:00:06]} 54. Rxf7+ {[%emt 0:00:02]} Kg6 {[%emt 0:00:15]} 55. Rd7 {[%emt 0:00:07]} Kf5 {[%emt 0:00:11]} 56. Rf7+ {[%emt 0:01:28]} Kg6 {[%emt 0:00:35]} (56... Ke5 $17 57. Re7+ Kd6 58. Re6+ Kxd5 59. Rxh6 c4) 57. Rd7 {[%emt 0:00:11]} Rd2+ {[%emt 0:00:06]} 58. Kf3 {[%emt 0:00:15]} Kf5 {[%emt 0:01:02]} 59. Rd8 {[%emt 0:00:53]} Ke5 {[%emt 0:01:12]} 60. Re8+ {[%emt 0:00:40]} Kf5 {[%emt 0:00:21]} 61. g4+ {[%emt 0:00:32]} Kf6 {[%emt 0:00:37]} 62. Re6+ {[%emt 0:00:26]} Kg7 {[%emt 0:00:02]} 63. d6 {[%emt 0:00:33]} Rxh2 {[%emt 0:00:20]} 64. Ke3 {[%emt 0:00:34]} Rh3+ {[%emt 0:00:26]} 65. Ke4 {[%emt 0:00:18]} c4 {[%emt 0:00:31]} 66. Re7+ $2 {[%emt 0:00:17]} ({White has to play} 66. Kd4 $18 Rh2 67. Kxc4) 66... Kf6 {[%emt 0:00:16]} 67. Re5 {[%emt 0:00:56]} Rd3 {[%emt 0:00:41]} 68. Rd5 $2 {[%emt 0:00:28] [#]} (68. Rc5 $11) 68... Rxd5 $1 {[%emt 0:00:20]} 69. Kxd5 {[%emt 0:00:04]} c3 {[%emt 0:00:07]} 70. d7 {[%emt 0:00:04]} Ke7 {[%emt 0:00:06]} 0-1